Potenciál životního pojištění v ČR na pozadí statistik CEA
Pohľad na podiel ročného predpísaného poistenia na životné poistenie na HDP z makroekonomického hľadiska. Porovnanie vzťahu výšky vytvorených technických rezerv životného poistenia k HDP. Potenciál životného poistenia v ČR v porovnaní s ostatnými krajinami na pozadí štatistík CEA.
Salvato in:
| Autore principale: | |
|---|---|
| Natura: | Capitolo di libro |
| Lingua: | ceco |
| Soggetti: | |
| Tags: |
Nessun Tag, puoi essere il primo ad aggiungerne!!
|
MARC
| LEADER | 00000naa$a2200000$$$4500 | ||
|---|---|---|---|
| 001 | 0021345 | ||
| 005 | 20230927101306.1 | ||
| 041 | 0 | |a cze | |
| 044 | |a CZ | ||
| 245 | 1 | 0 | |a Potenciál životního pojištění v ČR na pozadí statistik CEA |c Rudolf Voborský |
| 520 | |a Pohľad na podiel ročného predpísaného poistenia na životné poistenie na HDP z makroekonomického hľadiska. Porovnanie vzťahu výšky vytvorených technických rezerv životného poistenia k HDP. Potenciál životného poistenia v ČR v porovnaní s ostatnými krajinami na pozadí štatistík CEA. | ||
| 610 | 2 | 0 | |a poistenie životné |
| 610 | 2 | 0 | |a Česko |
| 610 | 2 | 0 | |a krajiny vyspelé |
| 610 | 2 | 0 | |a trh poistný |
| 610 | 2 | 0 | |a porovnanie štatistické medzinárodné |
| 610 | 2 | 0 | |a údaje štatistické |
| 610 | 2 | 0 | |a OECD |
| 100 | 1 | |a Voborský, Rudolf | |